000 00711nam a2200229 i 4500
001 6906
003 ES-MaACL
005 20250717045847.0
007 t|
008 900712s1986 sp ||||1| spa d
020 _a84-345-8361-5
080 _a523.12
100 1 _aDavies, Paul.
_942919
245 1 3 _aEl Universo desbocado
_b: del Bing Bang a la catastrofe final /
_cPaul Davies.
260 _aBarcelona :
_bSalvat,
_c1986.
300 _a204 p., [29] p. de lam. ;
_c19 cm.
490 1 _aBiblioteca científica Salvat ;
_v1
650 1 7 _aCosmogonía
_2embne
_911387
830 0 _aBiblioteca científica Salvat ;
_v1
_9177703
852 _aES-MaACL
_jL-14095
_bR.117685
_z. - rust.
999 _c6906
_d6906